Normal view
MARC view
Entry Topical Term
001 - CONTROL NUMBER
- control field: 1129
003 - CONTROL NUMBER IDENTIFIER
- control field: csc
005 - DATE AND TIME OF LATEST TRANSACTION
- control field: 20140507162054.0
008 - FIXED-LENGTH DATA ELEMENTS
- fixed length control field: 130522|| aca||aabn | a|a d
040 ## - CATALOGING SOURCE
- Original cataloging agency: csc
- Transcribing agency: csc
150 ## - HEADING--TOPICAL TERM
- Topical term or geographic name entry element: CLOUDS
670 ## - SOURCE DATA FOUND
- Source citation: Work cat.: (csc)260: Central Meteorological Bureau, Peking (China) eng 4953, 中国云图, 1972